Statistics for Countries that have Never Qualified for the UEFA Champions League

Click here to take the quiz!

General Stats

  • This quiz has been taken 64 times
  • The average score is 12 of 15

Answer Stats

Country% Correct
Estonia
89%
Latvia
87%
Lithuania
87%
Luxembourg
85%
Liechtenstein
84%
Andorra
82%
Ireland
79%
Albania
77%
North Macedonia
77%
Bosnia and Herzegovina
76%
Montenegro
76%
San Marino
76%
Iceland
74%
Malta
74%
Kosovo
71%

Score Distribution

Percentile by Number Answered

Percent of People with Each Score

Your Score History

You have not taken this quiz